Memorias de Caperucita, Las bodas de Caperucita / (Registro nro. 7244)

Detalles MARC
000 -LIDER
fixed length control field 01062nam a2200313 a 4500
001 - NÚMERO DE CONTROL
Identificador de número de control 000031116
003 - IDENTIFICACDOR DE NÚMERO DE CONTROL
control field DO-SdBNP
005 - DATE AND TIME OF LATEST TRANSACTION
control field 20220630132146.0
007 - CAMPOS FIJOS DE DESCRIPCIÓN FÍSICA
fixed length control field 000031116
008 - ELEMENTOS DE LONGITUD FIJA
fixed length control field 110613s2008 dr a 000 0 spa d
020 ## - ISBN
International Standard Book Number 9945130617
040 ## - FUENTE DE CATALOGACIÓN
Agencia que crea de manera original el registro BPMSU
Idioma de catalogación spa
Agencia que realiza la transcripción BPMSU
049 ## - LOCAL HOLDINGS (OCLC)
Holding library
082 ## - NÚMERO DE CLASIFICACIÓN DECIMAL DE DEWEY
Classification number RD863.44
Item number C355m 2008
Edition number 22
100 1# - ASIENTO PRINCIPAL -- NOMBRE PERSONAL
Nombre personal Castro Burdiez, Tomás
245 10 - MENCIÓN DE TITULO
Título Memorias de Caperucita, Las bodas de Caperucita /
Mención de responsabilidad Tomás Castro Burdiez, Marcio Veloz Maggiolo.
Subtítulo
246 14 - VARIACION DEL TÍTULO
Título propiamente dicho o título corto Caperucita de ida y vuelta
260 ## - PUBLICACIÓN, DISTRIBUCIÓN, ETC. (PIE DE IMPRENTA)
Lugar de publicación, distribución, etc Santo Domingo :
Nombre del editor, distribuidor, etc. Fundación Educarte,
Fecha de publicación, distribución, etc 2008.
300 ## - DESCRIPCIÓN FÍSICA
Extensión 85, 50 p. :
Otros detalles físicos il. ;
Dimensiones 22 cm.
501 ## - NOTA DE PUBLICADO O ENCUADERNADO
With note Publicado con: Caperucita de ida y vuelta
563 ## - INFORMACIÓN DE LA ENCUADERNACIÓN
Nota de la encuadernación Dos obras encuadernada juntas con paginación invertida
590 ## - NOTA LOCAL
Enlace Inventariado,2022/VM
650 #4 - ENCABEZAMIENTO DE MATERIA--TEMÁTICO
Término temático o nombre geográfico como elemento de entrada Cuentos infantiles dominicanos
650 #4 - ENCABEZAMIENTO DE MATERIA--TEMÁTICO
Término temático o nombre geográfico como elemento de entrada Literatura infantil dominicana
700 1# - ASIENTO SECUNDARIO -- NOMBRE PERSONAL
Nombre personal Veloz Maggiolo, Marcio
Título de una obra Las bodas de Caperucita
910 ## - VALIDACIÓN
Validación VMateo V.
942 ## - ADDED ENTRY ELEMENTS (KOHA)
Source of classification or shelving scheme Dewey Decimal Classification
Koha item type Libros
945 ## - INFORMACIÓN DE PROCESAMIENTO LOCAL
Información de procesamiento local Inventariado infantil / 2017 VM
Existencias
Withdrawn status Lost status Source of classification or shelving scheme Damaged status Not for loan Collection code Home library Current library Date acquired Full call number Barcode Date last seen Price effective from Koha item type Copy number
    Dewey Decimal Classification     Colección Infantil Dominicana Biblioteca Pública Metropolitana Salomé Ureña Biblioteca Pública Metropolitana Salomé Ureña 01/27/2015 BPMSU CID RD863.44 C355m 2008 BPMSU15040791 01/27/2015 01/27/2015 Libros  
    Dewey Decimal Classification     Colección Infantil Dominicana Biblioteca Pública Metropolitana Salomé Ureña Biblioteca Pública Metropolitana Salomé Ureña 01/27/2015 BPMSU CID RD863.44 C355m 2008 BPMSU15040792 01/27/2015 01/27/2015 Libros e.2
    Dewey Decimal Classification     Colección Infantil Dominicana Biblioteca Pública Metropolitana Salomé Ureña Biblioteca Pública Metropolitana Salomé Ureña 01/28/2015 BPMSU CID RD863.44 C355m 2008 BPMSU15040793 01/28/2015 01/28/2015 Libros e. 3